000 00274nam a22001217a 4500
008 181005b xxu||||| |||| 00| 0 eng d
041 _aeng
080 _a201
100 _a24
101 _aTEO
245 _aThe Word of God and the Languages of Man
_cBono
942 _2udc
_cBK
999 _c48876
_d48876